[Event "2nd Bundesliga Sud 2017-18"]
[Site "Germany GER"]
[Date "2018.02.25"]
[Round "10.1"]
[White "Mamedyarov,S"]
[Black "Rausis,I"]
[Result "1/2-1/2"]
[WhiteElo "2791"]
[BlackElo "2632"]

1.d4 Nf6 2.c4 e6 3.Nc3 d5 4.cxd5 Nxd5 5.e4 Nxc3 6.bxc3 c5 7.Rb1 Be7 8.Bb5+ Nd7
9.Ne2 O-O 10.O-O a6 11.Bd3 b5 12.e5 Bb7 13.Ng3 cxd4 14.cxd4 f5 15.Bc4 bxc4
16.Rxb7 Rb8 17.Rxb8 Nxb8 18.Ne2 Nc6 19.Qa4 Nxd4 20.Qxc4 Nxe2+ 21.Qxe2  1/2-1/2

[Event "11th Tal Mem Rapid 2018"]
[Site "Moscow RUS"]
[Date "2018.03.04"]
[Round "7.4"]
[White "Gelfand,B"]
[Black "Mamedyarov,S"]
[Result "1/2-1/2"]
[WhiteElo "2695"]
[BlackElo "2809"]

1.Nf3 c5 2.c4 Nc6 3.d4 cxd4 4.Nxd4 Nf6 5.Nc3 e6 6.g3 Bc5 7.Nb3 Be7 8.Bg2 O-O
9.Bf4 b6 10.O-O Ba6 11.Nb5 Rc8 12.Nd6 Rc7 13.Rc1 Nh5 14.Be3 Nf6 15.Bf4 Nh5
16.Be3 Nf6 17.Bf4  1/2-1/2

[Event "11th Tal Mem Rapid 2018"]
[Site "Moscow RUS"]
[Date "2018.03.04"]
[Round "8.2"]
[White "Mamedyarov,S"]
[Black "Dubov,Daniil"]
[Result "0-1"]
[WhiteElo "2809"]
[BlackElo "2701"]

1.d4 Nf6 2.c4 c5 3.e3 g6 4.Nc3 Bg7 5.d5 O-O 6.Nf3 d6 7.Be2 e6 8.e4 Na6 9.O-O Nc7
10.Re1 Re8 11.e5 dxe5 12.d6 Na6 13.Nxe5 Nd7 14.Nxd7 Bxd7 15.Bf3 Qb6 16.Re2 h6
17.Bf4 Rad8 18.Qd2 Kh7 19.Be5 f6 20.Bg3 e5 21.Rd1 Nb8 22.Bd5 Be6 23.f4 Qxd6
24.fxe5 fxe5 25.Bh4 Rd7 26.Ne4 Qb6 27.Rf1 Bf5 28.Qd3 Rf8 29.Ref2 Na6 30.g4 Nb4
31.Qg3 Nxd5 32.gxf5 Nf4 33.fxg6+ Qxg6 34.Qxg6+ Kxg6 35.Kh1 b6 36.b3 Rd4 37.Nc3 Rd3
38.Ne4 Kf5 39.Re1 Rf7 40.Bg3 Rfd7 41.Rff1 R7d4 42.Bxf4 exf4 43.Ng3+ Kg5 44.Ne4+ Kf5
45.Ng3+ Kg4 46.Ne2 Re4 47.Rg1+ Kh4 48.Nxf4 Rxf4 49.Rxg7 Rf2 50.Kg1 Rxa2 51.Rf1 Rxb3  0-1

[Event "11th Tal Mem Rapid 2018"]
[Site "Moscow RUS"]
[Date "2018.03.04"]
[Round "9.5"]
[White "Nepomniachtchi,I"]
[Black "Mamedyarov,S"]
[Result "1/2-1/2"]
[WhiteElo "2751"]
[BlackElo "2809"]

1.e4 e5 2.Nf3 Nf6 3.d4 Nxe4 4.dxe5 d5 5.Nbd2 Nxd2 6.Bxd2 Be7 7.Be2 O-O 8.O-O c5
9.Bf4 Nc6 10.Qd2 Be6 11.c3 Qd7 12.h3 Rad8 13.Rfd1 h6 14.Bd3 Bf5 15.Bg3 Bxd3
16.Qxd3 Qe6 17.a3 b6 18.b4 d4 19.cxd4 Nxd4 20.Nxd4 Rxd4 21.Qa6 Rxd1+ 22.Rxd1 cxb4
23.axb4 Bxb4 24.Qxa7 Bc5 25.Kh2 h5 26.h4 Rc8 27.Qb7 Qf5 28.Rd2 Re8 29.Qc6 Rc8
30.Qb7 Re8 31.Qc6  1/2-1/2

[Event "11th Tal Mem Blitz 2018"]
[Site "Moscow RUS"]
[Date "2018.03.05"]
[Round "10.6"]
[White "Karjakin,Sergey"]
[Black "Mamedyarov,S"]
[Result "1/2-1/2"]
[WhiteElo "2763"]
[BlackElo "2809"]

1.e4 e6 2.d4 d5 3.Nc3 Bb4 4.e5 c5 5.a3 Ba5 6.b4 cxd4 7.Nb5 Bc7 8.f4 Bd7 9.Nf3 Bxb5
10.Bxb5+ Nc6 11.O-O Ne7 12.Bd3 Bb6 13.Kh1 Qd7 14.Bb2 Rc8 15.Qd2 Nf5 16.Bxf5 exf5
17.a4 a6 18.Ba3 Nd8 19.b5 Bc5 20.Bxc5 Rxc5 21.Nxd4 O-O 22.bxa6 bxa6 23.Qd3 g6
24.Qxa6 Rc4 25.Rfd1 Ne6 26.Nxe6 Qxe6 27.Qb7 Qc6 28.Qxc6 Rxc6 29.Rxd5 Rxc2
30.a5 Ra8 31.h4 Rc4 32.g3 Rc2 33.a6 Ra7 34.Rb5 Kg7 35.Rb7 Rxb7 36.axb7 Rb2
37.Ra7 Kh6 38.b8=R Rxb8 39.Rxf7 Kh5 40.Kg2 Kg4 41.Rxh7 Rb2+ 42.Kf1 Kxg3 43.Rg7 Kxf4
44.Rxg6 Kxe5  1/2-1/2

[Event "11th Tal Mem Blitz 2018"]
[Site "Moscow RUS"]
[Date "2018.03.05"]
[Round "12.7"]
[White "Fedoseev,Vl3"]
[Black "Mamedyarov,S"]
[Result "1-0"]
[WhiteElo "2724"]
[BlackElo "2809"]

1.e4 e6 2.d4 d5 3.Nc3 Bb4 4.e5 c5 5.a3 Ba5 6.b4 cxd4 7.Qg4 Kf8 8.Nb5 Bc7
9.Qg3 Nc6 10.f4 a6 11.Nxc7 Qxc7 12.Bb2 Nge7 13.Bd3 Nf5 14.Qf2 Bd7 15.Nf3 Nce7
16.g4 Ne3 17.Bxd4 Nxg4 18.Qh4 Nh6 19.Bc5 Ng8 20.a4 a5 21.Ke2 axb4 22.Bxb4 Rxa4
23.Rxa4 Bxa4 24.Ra1 b5 25.Ra3 Ke8 26.Nd4 Qb6 27.Qf2 Qb7 28.Kd2 Nh6 29.Nxb5  1-0

[Event "Vugar Gashimov Mem 2018"]
[Site "Shamkir AZE"]
[Date "2018.04.19"]
[Round "1.3"]
[White "Mamedyarov,S"]
[Black "Carlsen,M"]
[Result "1/2-1/2"]
[WhiteElo "2814"]
[BlackElo "2843"]

1.d4 Nf6 2.c4 g6 3.Nc3 Bg7 4.g3 O-O 5.Bg2 Nc6 6.Nf3 d5 7.cxd5 Nxd5 8.O-O e5
9.Nxe5 Nxc3 10.Nxc6 Nxd1 11.Nxd8 Rxd8 12.Rxd1 Rxd4 13.Be3 Rxd1+ 14.Rxd1 Bf6
15.Bd4 Bxd4 16.Rxd4 Be6 17.f4 c6 18.Rb4 b6 19.Bxc6 Rc8 20.Bb5 Bxa2 21.Ra4 Be6
22.Rxa7 Rc1+ 23.Kf2 Rb1 24.Bd7 Bxd7 25.Rxd7 Rxb2 26.g4 b5 27.Rb7 b4 28.g5 b3
29.Kf3 Rb1 30.Ke4 Kg7 31.Ke5 Rb2 32.e4 Rxh2 33.Rxb3 h6 34.gxh6+ Rxh6 35.Rg3 Rh8
36.Rb3 Re8+ 37.Kd4 Ra8 38.Ke3 Ra7 39.Kf3 Ra8 40.Kg4 Ra7 41.Rc3  1/2-1/2

[Event "Vugar Gashimov Mem 2018"]
[Site "Shamkir AZE"]
[Date "2018.04.20"]
[Round "2.4"]
[White "Wojtaszek,R"]
[Black "Mamedyarov,S"]
[Result "1/2-1/2"]
[WhiteElo "2744"]
[BlackElo "2814"]

1.d4 Nf6 2.c4 e6 3.g3 d5 4.Bg2 dxc4 5.Nf3 Nc6 6.Qa4 Bb4+ 7.Bd2 Nd5 8.Bxb4 Nxb4
9.Ne5 O-O 10.Nxc6 Nxc6 11.e3 e5 12.d5 Ne7 13.Qxc4 c6 14.dxc6 Nxc6 15.Nc3 Be6
16.Qb5 Qb6 17.Qxb6 axb6 18.O-O Rfd8 19.Rfd1 Kf8 20.Bd5 Ke7 21.Kf1 f5 22.f3 b5
23.Bxe6 Rxd1+ 24.Rxd1 Kxe6 25.a3 b4 26.axb4 Nxb4 27.Ke2 Na2 28.Rb1 Nb4 29.Rd1 Na2
30.Rb1 Nb4 31.Rd1 Na2  1/2-1/2

[Event "Vugar Gashimov Mem 2018"]
[Site "Shamkir AZE"]
[Date "2018.04.21"]
[Round "3.2"]
[White "Mamedyarov,S"]
[Black "Karjakin,Sergey"]
[Result "1/2-1/2"]
[WhiteElo "2814"]
[BlackElo "2778"]

1.d4 Nf6 2.c4 e6 3.Nc3 Bb4 4.Qc2 d5 5.a3 Bxc3+ 6.Qxc3 Ne4 7.Qc2 c5 8.dxc5 Nc6
9.Nf3 Qa5+ 10.Bd2 Qxc5 11.e3 Nxd2 12.Nxd2 dxc4 13.O-O-O Qf5 14.Ne4 O-O 15.Bxc4 Ne5
16.g4 Nxg4 17.Rhg1 Nf6 18.Bd3 Nxe4 19.Bxe4 Qh5 20.f4 f5 21.Bh1 Qf7 22.Kb1 e5
23.fxe5 Be6 24.Rd6 Rac8 25.Qd2 Rc5 26.Bxb7 Rxe5 27.Qd4 Ba2+ 28.Ka1 Re7 29.Bc6 Bb3
30.Rc1 f4 31.exf4 Qxf4 32.Bd5+ Bxd5 33.Qxd5+ Kh8 34.Qd2 h6 35.Ka2 Qf7+ 36.Ka1 Qf4
37.Ka2 Qf7+ 38.Ka1 Qf4 39.Ka2  1/2-1/2

[Event "Vugar Gashimov Mem 2018"]
[Site "Shamkir AZE"]
[Date "2018.04.23"]
[Round "5.2"]
[White "Mamedyarov,S"]
[Black "Giri,A"]
[Result "1/2-1/2"]
[WhiteElo "2814"]
[BlackElo "2777"]

1.d4 d5 2.c4 e6 3.Nf3 Nf6 4.Nc3 Be7 5.Bf4 O-O 6.e3 Nbd7 7.Qc2 c5 8.Rd1 cxd4
9.Rxd4 Qa5 10.Bg3 Nb6 11.Nd2 dxc4 12.Bxc4 Nxc4 13.Nxc4 Qa6 14.O-O Rd8 15.Rxd8+ Bxd8
16.Ne5 Bd7 17.Nxd7 Nxd7 18.Rd1 Nf6 19.Qd3 Qxd3 20.Rxd3 Rc8 21.f3 Kf8 22.Kf1 a6
23.Ke2 Ke8 24.Rd4 Be7 25.Bd6 Nd5 26.Bxe7 Nxc3+ 27.bxc3 Kxe7 28.Kd3 Rc5 29.Rb4 b5
30.c4 Kd6 31.cxb5 axb5 32.a4 Rd5+ 33.Ke2 bxa4 34.Rxa4 Rc5 35.Ra6+ Ke7 36.Ra4 Rc2+
37.Kf1 Rc1+ 38.Kf2 Rc2+ 39.Kf1 Rc1+ 40.Kf2 Rc2+  1/2-1/2

[Event "Vugar Gashimov Mem 2018"]
[Site "Shamkir AZE"]
[Date "2018.04.25"]
[Round "6.1"]
[White "Ding Liren"]
[Black "Mamedyarov,S"]
[Result "1/2-1/2"]
[WhiteElo "2778"]
[BlackElo "2814"]

1.c4 Nf6 2.Nc3 e6 3.Nf3 d5 4.d4 Be7 5.Bg5 O-O 6.e3 Nbd7 7.Be2 h6 8.Bh4 c5
9.cxd5 Nxd5 10.Bxe7 Nxe7 11.O-O cxd4 12.Nxd4 Nf6 13.Qb3 Qa5 14.a3 Rd8 15.Qb4 Qxb4
16.axb4 Nc6 17.Nc2 Rd2 18.Rfc1 Nd5 19.Nxd5 exd5 20.b5 Rxe2 21.bxc6 d4 22.exd4 bxc6
23.Kf1 Re4 24.f3 Rh4 25.Nb4 Bd7 26.Nxc6 Bxc6 27.Rxc6 Rxd4 28.Rc2 a5 29.b3 Rb4
30.Ra3 Rab8 31.Rxa5 Rxb3 32.Kf2 Rb2 33.Rxb2 Rxb2+ 34.Kf1 Rb1+ 35.Kf2 Rb2+
36.Kf1 Rb1+ 37.Kf2 Rb2+  1/2-1/2

[Event "Vugar Gashimov Mem 2018"]
[Site "Shamkir AZE"]
[Date "2018.04.26"]
[Round "7.5"]
[White "Mamedyarov,S"]
[Black "Radjabov,T"]
[Result "1/2-1/2"]
[WhiteElo "2814"]
[BlackElo "2748"]

1.d4 Nf6 2.c4 g6 3.g3 c6 4.Bg2 d5 5.b3 Bg7 6.Nf3 O-O 7.O-O dxc4 8.bxc4 c5
9.Bb2 cxd4 10.Nxd4 Qb6 11.Qc1 Bd7 12.Nd2 Nc6 13.e3 Rac8 14.Bc3 Nxd4 15.exd4 Bf5
16.Qa3 Bd3 17.Rfe1 Bxc4 18.Nxc4 Rxc4 19.Rab1 Qa6 20.Qxa6 bxa6 21.Bb4 Rxd4
22.Bxe7 Re8 23.Bc5 Rxe1+ 24.Rxe1 Rd2 25.Rb1 Nd7 26.Bxa7 Bd4 27.Bxd4 Rxd4
28.Bf1 Ra4 29.Rb7 Nf8 30.Rb6 Rxa2 31.Rxa6 Rxa6 32.Bxa6 Ne6 33.Bf1 Nf8 34.Ba6 Ne6
35.Bf1 Nf8 36.Ba6  1/2-1/2

[Event "Vugar Gashimov Mem 2018"]
[Site "Shamkir AZE"]
[Date "2018.04.27"]
[Round "8.4"]
[White "Mamedyarov,S"]
[Black "Navara,D"]
[Result "1-0"]
[WhiteElo "2814"]
[BlackElo "2745"]

1.d4 Nf6 2.c4 g6 3.Nc3 d5 4.Nf3 Bg7 5.h4 dxc4 6.e4 c5 7.d5 b5 8.h5 O-O 9.hxg6 fxg6
10.d6 exd6 11.Nxb5 d5 12.Nc3 Re8 13.Be3 d4 14.e5 Ba6 15.Qa4 Qd7 16.Bxc4+ Bxc4
17.Qxc4+ Qe6 18.Qxe6+ Rxe6 19.exf6 Bxf6 20.Nd5 Bd8 21.O-O-O dxe3 22.Nxe3 Nc6
23.Rd7 Be7 24.Rxh7 Rb8 25.Rc7 Bf6 26.Rb7 Nb4 27.Rxb8+ Kxh7 28.Rb7+ Kg8 29.Rxa7 Nd3+
30.Kb1 Bxb2 31.a4 Bd4 32.Kc2 Nb4+ 33.Kd2 Bxe3+ 34.fxe3 Nd5 35.a5 c4 36.Rd7 Nf6
37.Rd8+ Kg7 38.Kc3 Rc6 39.Ne5 Ne4+ 40.Kd4 c3 41.Kxe4 Rc4+ 42.Kf3  1-0

[Event "Vugar Gashimov Mem 2018"]
[Site "Shamkir AZE"]
[Date "2018.04.28"]
[Round "9.1"]
[White "Mamedov,Rau"]
[Black "Mamedyarov,S"]
[Result "1/2-1/2"]
[WhiteElo "2704"]
[BlackElo "2814"]

1.e4 e5 2.Nf3 Nc6 3.Bb5 Nf6 4.O-O Nxe4 5.Re1 Nd6 6.Nxe5 Be7 7.Bf1 Nxe5 8.Rxe5 O-O
9.Nc3 Ne8 10.Nd5 Bd6 11.Re1 c6 12.Ne3 Bc7 13.Nf5 d5 14.Ne7+ Kh8 15.Nxc8 Rxc8
16.d3 Nf6 17.Qf3 Qd7 18.g3 Ng4 19.d4 Rce8 20.Bd2 f5 21.Rxe8 Rxe8 22.Re1 Rxe1
23.Bxe1 Qe6 24.Qe2 Qd7 25.Qf3 Qe6 26.Qe2 Qd7 27.Qf3 Qe6  1/2-1/2

[Event "6th Norway Blitz 2018"]
[Site "Stavanger NOR"]
[Date "2018.05.27"]
[Round "1.3"]
[White "Anand,V"]
[Black "Mamedyarov,S"]
[Result "1/2-1/2"]
[WhiteElo "2760"]
[BlackElo "2808"]

1.e4 e5 2.Nf3 Nc6 3.Bb5 a6 4.Ba4 Nf6 5.d3 b5 6.Bb3 Bc5 7.Nc3 d6 8.Nd5 h6
9.O-O O-O 10.Be3 Bxe3 11.fxe3 Na5 12.Nxf6+ Qxf6 13.Bd5 c6 14.Nd4 Qg5 15.Nxc6 Nxc6
16.Bxc6 Qxe3+ 17.Kh1 Rb8 18.Bd5 Be6 19.Bxe6 fxe6 20.Qg4 Rxf1+ 21.Rxf1 Rf8
22.Qxe6+ Kh7 23.Rg1 Qc5 24.c3 Rf2 25.b4 Qxc3 26.Qxd6 Rxa2 27.h3 Rd2 28.Qxa6 Rxd3
29.Qe6 Qxb4 30.Qf5+ Kh8 31.Qc8+ Kh7 32.Qf5+  1/2-1/2

[Event "6th Norway Blitz 2018"]
[Site "Stavanger NOR"]
[Date "2018.05.27"]
[Round "2.1"]
[White "Mamedyarov,S"]
[Black "Carlsen,M"]
[Result "1/2-1/2"]
[WhiteElo "2808"]
[BlackElo "2843"]

1.d4 Nf6 2.c4 g6 3.Nc3 Bg7 4.Nf3 O-O 5.Bg5 d6 6.Qd2 Bf5 7.Nh4 Bd7 8.Nf3 Nc6
9.d5 Nb4 10.e4 a5 11.Be2 Bg4 12.O-O c6 13.Rfe1 Bxf3 14.Bxf3 Nd7 15.Rad1 Nc5
16.a3 Nbd3 17.Re3 Ne5 18.Be2 Re8 19.Rh3 Qb6 20.Bh6 Bf6 21.Be3 Qb3 22.Bxc5 dxc5
23.dxc6 Nxc6 24.Nd5 Qxb2 25.Qxb2 Bxb2 26.Nc7 Be5 27.Nxa8 Rxa8 28.Rb1 Nd4
29.Kf1 Rb8 30.Bd1 b6 31.Rd3 Bc7 32.Ba4 Kg7 33.g3 Rd8 34.Rbd1 e5 35.Kg2 Rd6
36.Re3 Rf6 37.Rd2 Bd6 38.Rd1 Bc7 39.Red3 Bb8 40.Rb1 Bc7 41.Rb2 Bb8 42.f3 Bc7
43.Bd7 Rd6 44.Bh3 Rd8 45.Kf2 Re8 46.Bd7 Rd8 47.Bh3 Re8 48.Bd7 Rd8 49.Bh3 Re8
50.Bd7  1/2-1/2

[Event "6th Norway Blitz 2018"]
[Site "Stavanger NOR"]
[Date "2018.05.27"]
[Round "3.3"]
[White "Aronian,L"]
[Black "Mamedyarov,S"]
[Result "1-0"]
[WhiteElo "2764"]
[BlackElo "2808"]

1.e4 e5 2.Nf3 Nc6 3.Bc4 Bc5 4.O-O Nf6 5.d3 d6 6.c3 a6 7.a4 h6 8.Nbd2 O-O
9.Re1 Re8 10.h3 Be6 11.Bxe6 Rxe6 12.b4 Ba7 13.Qc2 Qd7 14.Nf1 d5 15.Bd2 Rae8
16.Ng3 dxe4 17.dxe4 Ne7 18.Red1 Qc8 19.c4 Ng6 20.c5 c6 21.Nf5 Bb8 22.Be3 Ne7
23.Ng3 Nd7 24.Nd2 Nf8 25.Nc4 Rg6 26.Nd6  1-0

[Event "6th Norway Blitz 2018"]
[Site "Stavanger NOR"]
[Date "2018.05.27"]
[Round "5.5"]
[White "Karjakin,Sergey"]
[Black "Mamedyarov,S"]
[Result "1-0"]
[WhiteElo "2782"]
[BlackElo "2808"]

1.b3 Nf6 2.Bb2 g6 3.g3 Bg7 4.Bg2 O-O 5.Nf3 d6 6.O-O e5 7.c4 Re8 8.Nc3 e4
9.Nd4 c6 10.e3 Na6 11.d3 exd3 12.Qxd3 Nc5 13.Qc2 a5 14.a3 h5 15.h3 Bd7 16.b4 Ne6
17.Nce2 Nxd4 18.Bxd4 Be6 19.Qc3 axb4 20.axb4 Rxa1 21.Rxa1 c5 22.bxc5 dxc5
23.Be5 Bxh3 24.Bxh3 Rxe5 25.Qxe5 Ne8 26.Qxc5 Bxa1 27.Nf4 Nd6 28.Qd5 Qf6 29.c5 Nb5
30.Qxb7 Nc3 31.c6  1-0

[Event "6th Norway Blitz 2018"]
[Site "Stavanger NOR"]
[Date "2018.05.27"]
[Round "6.4"]
[White "Caruana,F"]
[Black "Mamedyarov,S"]
[Result "0-1"]
[WhiteElo "2822"]
[BlackElo "2808"]

1.e4 d6 2.d4 Nf6 3.Nc3 g6 4.Be3 Ng4 5.Bg5 h6 6.Bh4 Bg7 7.Qd2 c6 8.f3 Nf6
9.O-O-O b5 10.Kb1 O-O 11.Bd3 Nbd7 12.g4 b4 13.Nce2 c5 14.Bf2 Qc7 15.dxc5 dxc5
16.Bb5 Rb8 17.Bg3 e5 18.Bxd7 Nxd7 19.Nh3 Nb6 20.Qd6 Qxd6 21.Rxd6 Nc4 22.Rd3 f5
23.gxf5 gxf5 24.Nf2 Ba6 25.Rg1 Kh7 26.Nc1 Rbd8 27.Rgd1 Rxd3 28.Ncxd3 Ne3
29.Rg1 f4 30.Bh4 Bxd3 31.Nxd3 Rc8 32.Be7 c4 33.Nxb4 c3 34.bxc3 Rxc3 35.Kb2 Rc7
36.Bh4 a5 37.Nd5 Rxc2+ 38.Kb3 Rxh2 39.Bf6 Rg2 40.Rxg2 Nxg2 41.Bd8 h5 42.Ka4 h4
43.Bb6 h3 44.Bg1 Nh4  0-1

[Event "6th Norway Blitz 2018"]
[Site "Stavanger NOR"]
[Date "2018.05.27"]
[Round "7.5"]
[White "Mamedyarov,S"]
[Black "So,W"]
[Result "0-1"]
[WhiteElo "2808"]
[BlackElo "2778"]

1.d4 Nf6 2.Bg5 d5 3.Bxf6 gxf6 4.e3 c5 5.Nf3 Nc6 6.c4 cxd4 7.exd4 e5 8.Nc3 dxc4
9.dxe5 Qxd1+ 10.Rxd1 fxe5 11.Bxc4 Bb4 12.Ng5 f6 13.Ne4 Ke7 14.O-O Bxc3 15.bxc3 Na5
16.Bd5 Rd8 17.f4 f5 18.Ng5 e4 19.Nxh7 Be6 20.Bxe6 Kxe6 21.Ng5+ Kf6 22.g4 Nc4
23.Rde1 e3 24.gxf5 Nd2 25.Rxe3 Nxf1 26.Kxf1 Kxf5 27.Re7 Rd2 28.Rf7+ Kg6 29.Rxb7 Rxa2
30.c4 Rd8 31.Ke1 Rd4 32.Nf3 Re4+ 33.Kd1 Rxf4 34.Rb3 Kf6 35.Rc3 Ke6 36.c5 Kd7
37.Kc1 Kc7 38.h4 Rf2 39.Ng5 Rxh4  0-1

[Event "6th Norway Blitz 2018"]
[Site "Stavanger NOR"]
[Date "2018.05.27"]
[Round "8.2"]
[White "Vachier Lagrave,M"]
[Black "Mamedyarov,S"]
[Result "0-1"]
[WhiteElo "2789"]
[BlackElo "2808"]

1.e4 c6 2.d4 d5 3.e5 Bf5 4.Nf3 e6 5.Be2 Nd7 6.O-O Ne7 7.Nbd2 c5 8.dxc5 Nc6
9.Nb3 Bxc5 10.Nxc5 Nxc5 11.Nd4 Bg6 12.Nxc6 bxc6 13.Be3 Nd7 14.f4 c5 15.c4 d4
16.Bd2 O-O 17.Qe1 a5 18.Bf3 Ra7 19.b3 Qb6 20.Rc1 Rc8 21.g4 a4 22.Bd1 axb3
23.axb3 Re8 24.h4 Qb7 25.f5 exf5 26.h5 Rxe5 27.Qg3 Ra2 28.Bf4 Re6 29.hxg6 hxg6
30.g5 Ne5 31.Rc2 Rxc2 32.Bxc2 Ng4 33.Bd1 Ne3 34.Bxe3 Rxe3 35.Qg2 Qb8 36.Bf3 d3
37.Rd1 Qe5 38.Kf1 Qf4  0-1

[Event "6th Norway Chess 2018"]
[Site "Stavanger NOR"]
[Date "2018.05.28"]
[Round "1.2"]
[White "Mamedyarov,S"]
[Black "Vachier Lagrave,M"]
[Result "1/2-1/2"]
[WhiteElo "2808"]
[BlackElo "2789"]

1.d4 Nf6 2.c4 g6 3.Nc3 d5 4.Nf3 Bg7 5.e3 O-O 6.Bd2 dxc4 7.Bxc4 Nbd7 8.e4 c5
9.d5 Ne8 10.Qe2 a6 11.a4 Nd6 12.Bd3 Ne5 13.Nxe5 Bxe5 14.O-O e6 15.Be3 exd5
16.Nxd5 Be6 17.Bxc5 Bxd5 18.exd5 Re8 19.Qd2 Rc8 20.Be3 Qf6 21.Bg5 Qg7 22.Bh6 Qf6
23.Bg5 Qg7 24.Bh6 Qf6 25.Bg5  1/2-1/2

[Event "6th Norway Chess 2018"]
[Site "Stavanger NOR"]
[Date "2018.05.29"]
[Round "2.2"]
[White "Caruana,F"]
[Black "Mamedyarov,S"]
[Result "1/2-1/2"]
[WhiteElo "2822"]
[BlackElo "2808"]

1.e4 e5 2.Nf3 Nf6 3.Nxe5 d6 4.Nf3 Nxe4 5.Nc3 Nxc3 6.dxc3 Be7 7.Be3 O-O 8.Qd2 b6
9.O-O-O Bb7 10.h4 Nd7 11.Bd3 Re8 12.Kb1 Bf6 13.Rh3 Nc5 14.Bxc5 bxc5 15.g4 c4
16.Bxc4 Re4 17.Qd3 d5 18.Bxd5 Qxd5 19.Qxd5 Bxd5 20.Rxd5 Rxg4 21.Ra5 Rg2 22.a4 Rxf2
23.h5 Rf1+ 24.Ka2 Rf2 25.Kb1 Rf1+ 26.Ka2 Rf2  1/2-1/2

[Event "6th Norway Chess 2018"]
[Site "Stavanger NOR"]
[Date "2018.05.30"]
[Round "3.3"]
[White "Mamedyarov,S"]
[Black "Karjakin,Sergey"]
[Result "1/2-1/2"]
[WhiteElo "2808"]
[BlackElo "2782"]

1.e4 e5 2.Nf3 Nc6 3.Bc4 Bc5 4.c3 Nf6 5.d3 d6 6.O-O h6 7.Re1 O-O 8.h3 a5 9.Nbd2 Be6
10.Bb5 Qb8 11.Nf1 Qa7 12.Re2 a4 13.Ng3 Qa5 14.Bxc6 bxc6 15.Nh4 Rfe8 16.Re1 Kh7
17.Qf3 d5 18.exd5 Bxd5 19.Qf5+ g6 20.Nxg6 fxg6 21.Qxf6 Rf8 22.Qh4 g5 23.Bxg5 Rxf2
24.Qxh6+ Kg8 25.Qg6+ Kh8 26.Qh6+ Kg8 27.Qg6+ Kh8 28.Qh6+  1/2-1/2

[Event "6th Norway Chess 2018"]
[Site "Stavanger NOR"]
[Date "2018.06.01"]
[Round "4.2"]
[White "Aronian,L"]
[Black "Mamedyarov,S"]
[Result "1-0"]
[WhiteElo "2764"]
[BlackElo "2808"]

1.d4 Nf6 2.c4 g6 3.Nc3 d5 4.cxd5 Nxd5 5.e4 Nxc3 6.bxc3 Bg7 7.Bc4 c5 8.Ne2 O-O
9.O-O Nc6 10.Be3 Na5 11.Bd3 b6 12.Rc1 e5 13.dxc5 Be6 14.c4 bxc5 15.Bxc5 Bh6
16.Rc3 Re8 17.Qc2 Qc7 18.Ba3 Rab8 19.h3 Red8 20.Bc1 Bf8 21.Bg5 Rd7 22.c5 h6
23.Be3 Nc6 24.Bc4 Nd4 25.Bxd4 exd4 26.Bxe6 dxc3 27.Bxd7 Qxd7 28.Nxc3 Qd4
29.c6 Qc4 30.Rc1 Qxc6 31.Nd5 Qxc2 32.Rxc2 Rb1+ 33.Kh2 Kg7 34.f4 Re1 35.e5 g5
36.g3 Rd1 37.Ne3 Rd3 38.Ng4 Be7 39.f5 Bd8 40.f6+ Kh7 41.e6 fxe6 42.Rf2 Bc7
43.f7 Bxg3+ 44.Kg2 Bd6 45.f8=Q Bxf8 46.Rxf8 Ra3 47.Rf2 Kg6 48.Re2 Kh5 49.Nf6+ Kg6
50.Ne4 e5 51.Rc2 Kf5 52.Ng3+ Ke6 53.Rf2 Kd5 54.Nf5 Ra6 55.Kf3 Ra3+ 56.Kg4 h5+
57.Kxh5 Rxh3+ 58.Kxg5 e4 59.Kg4 Ra3 60.Re2 Ke5 61.Ng3 Ra4 62.Kh3 Kf4 63.Kg2 e3
64.Rb2 Ra3 65.Ne2+ Ke4 66.Kf1 Kd3 67.Ke1 Ra6 68.Kd1 Rh6 69.Rb3+ Ke4 70.Rb4+  1-0

[Event "6th Norway Chess 2018"]
[Site "Stavanger NOR"]
[Date "2018.06.03"]
[Round "6.4"]
[White "Anand,V"]
[Black "Mamedyarov,S"]
[Result "1/2-1/2"]
[WhiteElo "2760"]
[BlackElo "2808"]

1.e4 e5 2.Nf3 Nc6 3.Bb5 g6 4.c3 a6 5.Ba4 Bg7 6.O-O Nge7 7.d4 exd4 8.cxd4 b5
9.Bc2 d5 10.exd5 Nxd5 11.Re1+ Be6 12.Bg5 Qd7 13.Nc3 O-O 14.Be4 Rae8 15.Bxd5 Bxd5
16.Ne5 Nxe5 17.dxe5 c6 18.f4 f6 19.Bxf6 Bxf6 20.Nxd5 cxd5 21.exf6 Rxe1+ 22.Qxe1 Rxf6
23.Qd2 d4 24.Rd1 d3 25.Qxd3 Qxd3 26.Rxd3 Rxf4 27.Rd6 Rc4 28.Rxa6 Rc1+ 29.Kf2 Rc2+
30.Kg1 Rc1+ 31.Kf2 Rc2+ 32.Kg1 Rc1+  1/2-1/2

[Event "6th Norway Chess 2018"]
[Site "Stavanger NOR"]
[Date "2018.06.05"]
[Round "7.4"]
[White "Mamedyarov,S"]
[Black "So,W"]
[Result "1/2-1/2"]
[WhiteElo "2808"]
[BlackElo "2778"]

1.d4 Nf6 2.c4 e6 3.Nf3 d5 4.g3 Be7 5.Bg2 O-O 6.O-O dxc4 7.Qc2 a6 8.a4 Bd7
9.Rd1 Bc6 10.Bg5 b5 11.Bxf6 Bxf6 12.Nc3 Qe8 13.e4 g6 14.h4 Nd7 15.axb5 axb5
16.Rxa8 Qxa8 17.d5 exd5 18.exd5 Bb7 19.Nxb5 Qa5 20.Nc3 Nb6 21.d6 cxd6 22.Rxd6 Be7
23.Rd1 Bf6 24.Rd6 Be7 25.Rd1 Bf6 26.Rd6 Be7  1/2-1/2

[Event "6th Norway Chess 2018"]
[Site "Stavanger NOR"]
[Date "2018.06.06"]
[Round "8.1"]
[White "Carlsen,M"]
[Black "Mamedyarov,S"]
[Result "1/2-1/2"]
[WhiteElo "2843"]
[BlackElo "2808"]

1.e4 e5 2.Nf3 Nc6 3.Bb5 a6 4.Ba4 Nf6 5.O-O Nxe4 6.d4 b5 7.Bb3 d5 8.dxe5 Be6
9.c3 Be7 10.Re1 O-O 11.Nbd2 Nxd2 12.Qxd2 Qd7 13.Qd3 Rad8 14.Bc2 g6 15.Bh6 Rfe8
16.Rad1 d4 17.Nxd4 Nxd4 18.Qxd4 Qxd4 19.Rxd4 Rxd4 20.cxd4 c5 21.dxc5 Bxc5
22.b3 a5 23.h3 b4 24.Rd1 Rc8 25.Rd2 Be7 26.Bd1 Rc5 27.Bf4 g5 28.Bg3 Kg7 29.f4 Rc1
30.Kh2 Bc5 31.fxg5 Be3 32.Rd3 Bxg5 33.h4 Bf5 34.Rf3 Bg4 35.hxg5 Rxd1 36.Rf2 Be6
37.Bf4 Rd3 38.Rf3 Rxf3 39.gxf3 Bf5 40.e6 fxe6 41.Bc7 Bb1 42.Bxa5 Bxa2 43.Bxb4 Bxb3
44.Bc3+ Kg6 45.f4 Kf7 46.Kg3 Kg6 47.Be5 Kf7 48.Bc3 Kg6 49.Be5 Kf7 50.Bc3 Kg6  1/2-1/2

[Event "GCT Rapid YourNextMove"]
[Site "Leuven BEL"]
[Date "2018.06.12"]
[Round "1.2"]
[White "Anand,V"]
[Black "Mamedyarov,S"]
[Result "0-1"]
[WhiteElo "2759"]
[BlackElo "2808"]

1.e4 c5 2.Nf3 Nf6 3.Nc3 d5 4.e5 Nfd7 5.e6 fxe6 6.Bb5 a6 7.Bxd7+ Bxd7 8.O-O g6
9.d4 Bg7 10.dxc5 O-O 11.Re1 Nc6 12.Na4 Qa5 13.c3 Rad8 14.Be3 d4 15.Bd2 Nb8
16.Nb6 dxc3 17.Bxc3 Bxc3 18.bxc3 Bc6 19.Qb3 Qxc5 20.Nd4 Kh8 21.Rxe6 Bxg2
22.Kxg2 Qg5+ 23.Kf1 Qh4 24.f3 Qxh2 25.Rae1 Nc6 26.R1e3 Rf4 27.Rxc6 Qh1+ 28.Ke2 Qg2+
29.Kd3 bxc6 30.Qe6 Rxf3 31.Qxe7 Rxe3+ 32.Qxe3 Qxa2 33.Qe5+ Kg8 34.Nc4 Qb1+
35.Kd2 Qa2+ 36.Kd3 Qb1+ 37.Kd2 Qf5 38.Qe7 Qd7 39.Qb4 Qd5 40.Ne3 c5 41.Nxd5 cxb4
42.Nxb4 a5 43.Nc6 Ra8 44.c4 a4 45.Kc2 a3 46.Kb1 h5 47.c5 h4 48.Ne5 h3 49.Ndf3 Ra5
50.Nd3 g5 51.c6 g4  0-1

[Event "GCT Rapid YourNextMove"]
[Site "Leuven BEL"]
[Date "2018.06.12"]
[Round "2.1"]
[White "So,W"]
[Black "Mamedyarov,S"]
[Result "1-0"]
[WhiteElo "2778"]
[BlackElo "2808"]

1.d4 Nf6 2.c4 e6 3.g3 d5 4.Bg2 dxc4 5.Nf3 a6 6.O-O Nc6 7.e3 Rb8 8.Qe2 b5
9.b3 cxb3 10.axb3 Bd6 11.Rd1 Qe7 12.Bb2 O-O 13.Rc1 Bb7 14.Ne5 Nb4 15.Bxb7 Rxb7
16.Nc6 Nxc6 17.Rxc6 e5 18.dxe5 Bxe5 19.Bxe5 Qxe5 20.Raxa6 Rd8 21.Ra2 h5 22.Nd2 h4
23.Nf3 Qe4 24.Rc1 h3 25.Rac2 Nd5 26.Ne1 Nb4 27.Rd2 Rxd2 28.Qxd2 Ra7 29.Qd7 Ra8
30.Qxh3 Nd3 31.Nxd3 Qxd3 32.b4 Qd2 33.Qf1 Qxb4 34.Rb1 Qc3 35.Qxb5 Ra1 36.Qe8+ Kh7
37.Rxa1 Qxa1+ 38.Kg2 Qf6 39.Qd7 c6 40.h4 g6 41.g4 Kg8 42.g5 Qc3 43.Qd8+ Kh7
44.Qd4 Qc2 45.Qf4 Kg8 46.e4 c5 47.Qb8+ Kh7 48.Qe8 Kg7 49.Qe5+ Kg8 50.Qd5 c4
51.h5 Qd3 52.hxg6  1-0

[Event "GCT Rapid YourNextMove"]
[Site "Leuven BEL"]
[Date "2018.06.12"]
[Round "3.3"]
[White "Mamedyarov,S"]
[Black "Giri,A"]
[Result "1/2-1/2"]
[WhiteElo "2808"]
[BlackElo "2782"]

1.d4 d5 2.c4 e6 3.Nc3 Be7 4.cxd5 exd5 5.Bf4 c6 6.e3 Bf5 7.f3 Bg6 8.Bd3 Nf6
9.g4 Bxd3 10.Qxd3 O-O 11.Nge2 Nbd7 12.h4 Ne8 13.h5 Bd6 14.Kf2 b5 15.Rac1 a5
16.a4 b4 17.Nb1 Rc8 18.Nd2 Bxf4 19.Nxf4 Nd6 20.b3 Re8 21.Rc2 Nb8 22.Nf1 Qf6
23.Ng3 g5 24.hxg6 fxg6 25.Rc5 Nb7 26.Rcc1 Nd6 27.Rc5 Nb7 28.Rcc1 Nd6  1/2-1/2

[Event "GCT Rapid YourNextMove"]
[Site "Leuven BEL"]
[Date "2018.06.13"]
[Round "4.2"]
[White "Aronian,L"]
[Black "Mamedyarov,S"]
[Result "1/2-1/2"]
[WhiteElo "2764"]
[BlackElo "2808"]

1.e4 e5 2.Nf3 Nc6 3.Bc4 Nf6 4.d3 h6 5.O-O d6 6.Re1 g5 7.Nc3 Bg7 8.d4 O-O
9.dxe5 dxe5 10.Be3 Bg4 11.Bc5 Re8 12.Bb5 a6 13.Bxc6 bxc6 14.Qxd8 Raxd8 15.Be3 Bf8
16.Nd2 Bb4 17.Nb3 Be6 18.Nc5 Bc4 19.a3 Bxc3 20.bxc3 Rb8 21.h4 gxh4 22.Bxh6 Rb2
23.Bg5 Nh5 24.Bxh4 Rxc2 25.Re3 f6 26.g4 Nf4 27.Bxf6 Kf7 28.g5 Rd2 29.Rb1 Ne2+
30.Kg2 Nf4+ 31.Kg1 Ne2+ 32.Kg2 Nf4+ 33.Kf3 Nh5 34.Rb7 Nxf6 35.Rxc7+ Re7 36.Rxe7+ Kxe7
37.gxf6+ Kxf6 38.Kg3 Ke7 39.f4 Kd6 40.Nb7+ Kc7 41.Na5 Bg8 42.c4 Kb6 43.Nb3 exf4+
44.Kxf4 Rf2+ 45.Rf3 Ra2 46.c5+ Kb5 47.Ke5 Bxb3 48.Rxb3+ Kxc5 49.Rc3+ Kb5
50.Ke6 c5 51.e5 c4 52.Kf5 Rf2+ 53.Ke4 Re2+ 54.Kd4 Rd2+ 55.Ke3 Rd1 56.Ke2 Rd7
57.e6 Re7 58.Re3 Kc5 59.Kd2 Kd4 60.Re1 Kd5 61.Kc3 Rxe6 62.Rxe6 Kxe6 63.Kxc4  1/2-1/2